| 000 | 00503ntaaa2200193 4500 | ||
|---|---|---|---|
| 003 | 01 | ||
| 005 | 20251027202131.0 | ||
| 008 | 0714s1973 ag 01 | ||
| 040 |
_aAR-BaBN _bspa _cAR-BaBN _eaacr _dRIC |
||
| 082 | _a261.8730 F26 | ||
| 100 |
_aFast, Henry A _919843 |
||
| 245 | _aJesus and human conflict | ||
| 250 | _a1 ed. | ||
| 260 |
_aScottdale : _bHerald Press, _cc1959 |
||
| 300 | _a209 p | ||
| 500 | _a"Jesús y el conflicto humano"Estudio de pacifismo | ||
| 650 |
_apacifismo _97833 |
||
| 942 | _cBK | ||
| 999 |
_c16278 _d16278 |
||